| 000 | 00914nam a2200265 a 4500 | ||
|---|---|---|---|
| 001 | 59991 | ||
| 003 | BD-RjUL | ||
| 005 | 20211209080807.0 | ||
| 008 | 161228s2001 enkab b 001 0 eng | ||
| 020 | _a184064558X | ||
| 035 | _a(BD-RjUL)60115 | ||
| 040 |
_aDLC _cDLC _dDLC _beng |
||
| 041 | _aeng | ||
| 082 | 0 | 0 |
_a363.737 _bMAN 2001 |
| 245 | 0 | 0 |
_aManaging pollution : _beconomic valuation and environmental toxicology / _cedited by Clive L. Spash and Sandra McNally. |
| 260 |
_aCheltenham ; _aNorthampton, MA : _bE. Elgar, _cc2001. |
||
| 300 |
_axii, 222 p. : _bill. ; _c24 cm. |
||
| 504 | _aIncludes bibliographical references and index. | ||
| 650 | 0 |
_aPollution _xEconomic aspects _vCase studies. _9178476 |
|
| 650 | 0 |
_aPollution _xGovernment policy _vCase studies. _9178477 |
|
| 700 | 1 |
_aSpash, Clive L. _9178478 |
|
| 700 | 1 |
_aMcNally, Sandra, _d1972- _9178479 |
|
| 942 |
_2ddc _cBK |
||
| 999 |
_c59991 _d59991 |
||